000 00303nam a22001337a 4500
008 211020b ||||| |||| 00| 0 eng d
041 _aeng
080 _a821
082 _a821
100 _a21
101 _aGJL
245 _aThe Norton Anthology of English Literature
_cAbrams,M.H
942 _2udc
_cBK
999 _c58305
_d58305